Collection management in Libraries / (Record no. 63308)

MARC details
000 -LEADER
fixed length control field 00564nam a22001577a 4500
005 - DATE AND TIME OF LATEST TRANSACTION
control field 20120222131250.0
020 ## - INTERNATIONAL STANDARD BOOK NUMBER
International Standard Book Number 8170002753
Terms of availability 425.00
035 ## - SYSTEM CONTROL NUMBER
System control number B-31087
037 ## - SOURCE OF ACQUISITION
Stock number DPL
Source of stock number/acquisition ENG
100 ## - MAIN ENTRY--PERSONAL NAME
Personal name Mahapatra, Piyush Kanti
245 ## - TITLE STATEMENT
Title Collection management in Libraries /
Statement of responsibility, etc by Piyush Kanti Mahapatra
260 ## - PUBLICATION, DISTRIBUTION, ETC. (IMPRINT)
Place of publication, distribution, etc New Dehi
Name of publisher, distributor, etc Ess Ess Publications
Date of publication, distribution, etc 1999
300 ## - PHYSICAL DESCRIPTION
Extent 194p.
Dimensions 18 cms.
942 ## - ADDED ENTRY ELEMENTS (KOHA)
Source of classification or shelving scheme Dewey Decimal Classification
Item type English Books
Classification part 025.2
Call number suffix MAH
Holdings
Withdrawn status Lost status Not for loan Collection code Home library Current library Date acquired Cost, normal purchase price Full call number Barcode Cost, replacement price Koha item type
      Non-fiction Sarojini Nagar Sarojini Nagar 22/02/2012 425.00 025.2 MAH B-31087 425.00 English Books

© Delhi Public Library
Hit Counter
free hit counter